00661cam a22002053a 450000100060000000300060000600500170001200800410002904000150007004200070008505000070009210000260009924501450012526000290027050600300029951600200032965300350034983000290038485600420041330601PGUSA20140828083648.0091204s2009||||xxu|||||s|||||000 | eng d aPGUSAbeng adc 4aBF1 aBenedict, Ralph Paine10aHow to Analyze People on Sight :bThrough the Science of Human Analysis: The Five Human Typesh[electronic resource] /cRalph Paine Benedict bProject Gutenberg,c2009 aPublic domain in the USA. aElectronic text aCharacters and characteristics 0aProject Gutenbergv3060140uhttp://www.gutenberg.org/ebooks/30601